Del papiro specialmente considerado como materia che ha servido alla scrittura / (Record no. 161342)
[ view plain ]
| 000 -LEADER | |
|---|---|
| campo de control de longitud fija | 00826nam a22001935i 4500 |
| 001 - NÚMERO DE CONTROL | |
| campo de control | 161342 |
| 003 - IDENTIFICADOR DE NÚMERO DE CONTROL | |
| campo de control | ES-MaACL |
| 005 - FECHA Y HORA DE LA ÚLTIMA TRANSACCIÓN | |
| campo de control | 20230906212250.0 |
| 008 - DATOS DE LONGITUD FIJA--INFORMACIÓN GENERAL | |
| campo de control de longitud fija | 990309s1878 it |||| | ita d |
| 100 1# - ENTRADA PRINCIPAL--NOMBRE DE PERSONA | |
| Nombre de persona | Paoli, Cesare. |
| 9 (RLIN) | 88844 |
| 245 10 - MENCIÓN DEL TÍTULO | |
| Título | Del papiro specialmente considerado como materia che ha servido alla scrittura / |
| Mención de responsabilidad, etc. | memoria del Cesare Paoli. |
| 260 ## - PUBLICACIÓN, DISTRIBUCIÓN, ETC. | |
| Lugar de publicación, distribución, etc. | Firenze : |
| Nombre del editor, distribuidor, etc. | [s.n.], |
| Fecha de publicación, distribución, etc. | 1878 ( |
| Fabricante | Successori Le Monnier) |
| 300 ## - DESCRIPCIÓN FÍSICA | |
| Extensión | 84 p. ; |
| Dimensiones | 27 cm. |
| 490 1# - MENCIÓN DE SERIE | |
| Mención de serie | Pubblicazioni del R. Istituto di Studi superiori pratici e di perfeziomaneto in Firenze. Sezione di Filosofia e Filologia |
| 650 ## - PUNTO DE ACCESO ADICIONAL DE MATERIA--TÉRMINO DE MATERIA | |
| Término de materia o nombre geográfico como elemento de entrada | Papiros. |
| 9 (RLIN) | 136652 |
| 830 1# - PUNTO DE ACCESO ADICIONAL DE SERIE-TÍTULO UNIFORME | |
| Título uniforme | Pubblicazioni del R. Istituto di Studi superiori pratici e di perfeziomaneto in Firenze. Sezione di Filosofia e Filologia |
| 9 (RLIN) | 222106 |
| 852 ## - LOCALIZACIÓN | |
| Ubicación | ES-MaACL |
| Número de control de estantería | 1660-F-15 |
| Estatus retirado | Estado de pérdida | Estado de daño | No para préstamo | Colección | Biblioteca de origen | Biblioteca actual | Ubicación en estantería | Fecha de adquisición | Fuente de adquisición | Total de préstamos | Signatura topográfica completa | Código de barras | Visto por última vez | Precio de reemplazo | Tipo de ítem Koha |
|---|---|---|---|---|---|---|---|---|---|---|---|---|---|---|---|
| Colección de folletos | Biblioteca del Ateneo de Madrid | Biblioteca del Ateneo de Madrid | Depósito folletos | 17/01/2008 | 1660-F-15 | 1168996 | 23/02/2023 | 23/02/2023 | Folleto |
